| 000 | 00326nam a2200085Ia 4500 | ||
|---|---|---|---|
| 245 | 0 | _aThe budgerigar : a guide to selection, housing, care, nutrition, behaviour, health, breeding and mutations | |
| 100 |
_a Onderdelinden, Piet United Kingdom, [c.2003] _994933 |
||
| 942 | _cBK | ||
| 008 | 210817s9999 xx 000 0 und d | ||
| 999 |
_c403254 _d403253 |
||